| 000 | 01573cam a2200469 a 4500 | ||
|---|---|---|---|
| 001 | 83735 | ||
| 005 | 20230410132839.0 | ||
| 008 | 080219r20082007enkaf b 000 0ceng | ||
| 035 | _a(OCoLC)ocn216936655 | ||
| 040 |
_aUKM _cUKM _dBTCTA _dBAKER _dCDX _dOCLCG _dVP@ _dC#P |
||
| 015 |
_aGBA851093 _2bnb |
||
| 016 | 7 |
_a014574589 _2Uk |
|
| 020 | _a9780330448147 (pbk.) | ||
| 020 | _a0330448145 (pbk.) | ||
| 029 |
_aAU@ _b000043377785 |
||
| 029 |
_aUNITY _b111098238 |
||
| 035 | _a(OCoLC)216936655 | ||
| 041 |
_aeng _hger |
||
| 050 | 1 | 4 |
_aB DD 247 _bH658H 2008 |
| 082 | 0 | 0 | _a943.0860922 |
| 049 | _aGRAL | ||
| 100 | 1 |
_aHimmler, Katrin, _d1967- |
|
| 245 | 1 | 4 |
_aThe Himmler brothers : _ba german family history / _cKatrin Himmler ; translated by Michael Mitchell. |
| 260 |
_aLondon : _bPan Books, _c2008. |
||
| 300 |
_a333 p., [24] p. of plates : _bill. ; _c20 cm. |
||
| 500 | _aFirst published in Great Britain in 2007. | ||
| 504 | _aIncludes bibliographical references. | ||
| 600 | 1 | 0 |
_aHimmler, Heinrich, _d1900-1945 _xFamily. |
| 600 | 1 | 0 |
_aHimmler, Heinrich, _d1900-1945. |
| 600 | 1 | 0 | _aHimmler, Gebhard. |
| 600 | 1 | 0 | _aHimmler, Ernst. |
| 650 | 0 |
_aNazis _vBiography. |
|
| 650 | 0 |
_aMiddle class _zGermany _vBiography. |
|
| 650 | 0 |
_aBrothers _zGermany _vBiography. |
|
| 651 | 0 |
_aGermany _xHistory _y1933-1945. |
|
| 938 |
_aBaker and Taylor _bBTCP _nBK0007706054 |
||
| 938 |
_aCoutts Information Services _bCOUT _n7209308 |
||
| 938 |
_aBaker & Taylor _bBKTY _c14.95 _d11.21 _i0330448145 _n0007706054 _sactive |
||
| 942 |
_2lcc _cbk |
||
| 994 |
_aC0 _bDRFGD |
||
| 946 | _aMF | ||
| 999 |
_c88855 _d88855 |
||